Culture Générale : Moyen #1 - Statistiques

Statistiques générales
  • Ce quiz a été pris 847 fois
  • Le résultat moyen est 11 sur 20
Statistiques - réponses
Hint Réponse % Correct
Comment appelle-t-on un triangle avec trois côtés égaux ? Equilatéral
88%
En quelle année l'homme a-t-il marché sur la Lune ? 1969
83%
Quelle est la capitale de la Thailande ? Bangkok
79%
Qui est l'apôtre qui a trahi Jésus ? Judas Iscariote
77%
Quel métal liquide à température ambiante était utilisé dans les thermomètres ? Mercure
76%
Quel tableau de Picasso représente le bombardement d'une ville en Espagne ? Guernica
69%
Quel est l'ingrédient principal de la moussaka ? Aubergine
66%
En quelle année a été commercialisé le 1er IPhone ? 2007
63%
Quelle plante de couleur violette et très odorante vient du bassin méditerranéen ? Lavande
61%
Quelle statue représentant une déesse, apparait sans bras au Louvre ? Vénus de Milo
58%
Quel site touristique de Jordanie se caractérise par des habitations taillées dans la roche ? Pétra
54%
De quelle planète Europa est-elle la lune ? Jupiter
52%
Quel est le personnage principal des Misérables ? Jean Valjean
51%
Quel est le seul pays qui possède encore un empereur ? Japon
49%
Dans les premiers films Astérix et Obélix qui joue Astérix ? Christian Clavier
44%
Quelle saga de jeux-vidéos a introduit le principe de la lame secrète ? Assassin's Creed
41%
Pour quelle profession est connu Edouard Balladur ? Premier Ministre
41%
Quel mammifère pond des œufs ? Ornithorynque
38%
Quel organe fabrique plusieurs hormones dont la plus connue est l'insuline ? Pancreas
38%
Comment appelait-on les officiers royaux chargés de superviser les provinces du nord de la France ? Baillis
4%
Aucun quiz correspondant
Distribution des résultats
% des personnes avec chaque résultat
Percentile par nombre de réponses
Votre historique - résultats
Vous n’avez pas pris ce quiz